Matter, mind and man/ (Record no. 1348)
[ view plain ]
| 000 -LEADER | |
|---|---|
| fixed length control field | 00437nam a2200181 a 4500 |
| 005 - DATE AND TIME OF LATEST TRANSACTION | |
| control field | 20260322212056.0 |
| 008 - FIXED-LENGTH DATA ELEMENTS--GENERAL INFORMATION | |
| fixed length control field | data |
| 010 ## - LIBRARY OF CONGRESS CONTROL NUMBER | |
| LC control number | 56-13282 |
| 090 ## - LOCALLY ASSIGNED LC-TYPE CALL NUMBER (OCLC); LOCAL CALL NUMBER (RLIN) | |
| Classification number (OCLC) (R) ; Classification number, CALL (RLIN) (NR) | QH 331 S66 1957 |
| 001 - CONTROL NUMBER | |
| control field | data |
| 100 1# - MAIN ENTRY--PERSONAL NAME | |
| Personal name | Sinnott, Edmund Ware, |
| Dates associated with a name | 1888- |
| 245 10 - TITLE STATEMENT | |
| Title | Matter, mind and man/ |
| Statement of responsibility, etc. | Edmund Ware Sinnott. |
| 260 ## - PUBLICATION, DISTRIBUTION, ETC. | |
| Place of publication, distribution, etc. | New York |
| Name of publisher, distributor, etc. | Harper |
| Date of publication, distribution, etc. | c1957 |
| 300 ## - PHYSICAL DESCRIPTION | |
| Extent | 225 p. |
| 520 ## - SUMMARY, ETC. | |
| Summary, etc. | The biology of human nature. |
| 650 02 - SUBJECT ADDED ENTRY--TOPICAL TERM | |
| Topical term or geographic name entry element | Biology |
| 650 02 - SUBJECT ADDED ENTRY--TOPICAL TERM | |
| Topical term or geographic name entry element | Philosophy |
| Withdrawn status | Lost status | Damaged status | Not for loan | Home library | Current library | Shelving location | Date acquired | Total checkouts | Full call number | Barcode | Date last seen | Price effective from | Koha item type |
|---|---|---|---|---|---|---|---|---|---|---|---|---|---|
| Franklin | Franklin | General stacks | 22/03/2026 | GEN | BC0011392 | 22/03/2026 | 22/03/2026 | Books |